Представление документа в формате MARC21

ПолеНазваниеЗначение
  Тип записи a
  Библиографический уровень m
001 Контрольный номер RU\infra-m\znanium\bibl\2216615
005 Дата корректировки 20260429142323.7
008 Кодируемые данные 260119s2026 RU g rus u
020 Индекс ISBN __
a ISBN 978-5-00091-025-2
020 Индекс ISBN __
a ISBN 978-5-16-102629-8 (электр. издание)
020 Индекс ISBN __
a ISBN 978-5-16-010611-3 (ISBN соиздателя)
040 Источник каталогиз. __
a Служба первич. каталог. Общество с ограниченной ответственностью «ЗНАНИУМ»
041 Код языка издания __
a Код языка текста rus
044 Код страны публикации __
a Код страны публикации RU
080 Индекс УДК __
a Индекс УДК 616.3
084 Индекс другой классификации/Индекс ББК __
2 Источник индекса rubbk
a Индекс другой классификации/Индекс ББК 53
084 Индекс другой классификации/Индекс ББК __
2 Источник индекса okso
a Индекс другой классификации/Индекс ББК 31.05.01
084 Индекс другой классификации/Индекс ББК __
2 Источник индекса okso
a Индекс другой классификации/Индекс ББК 31.05.03
100 Автор __
a Автор Макаров И. В.
q Полное имя Макаров Игорь Валерьевич
u Дополнение Самарский государственный медицинский университет
245 Заглавие __
a Заглавие Частная проктология. Геморрой
b Продолж. заглавия Учебное пособие
c Ответственность Самарский государственный медицинский университет
250 Сведения об издании __
a Основные сведения об издании 1
260 Выходные данные __
a Место издания Москва
b Издательство Издательство "ФОРУМ"
c Дата издания 2026
300 Физическое описание __
a Объем 96 с.
440 Серия __
a Серия Высшее образование
520 Аннотация __
a Аннотация В учебном пособии представлены основные данные по анатомии и физиологии прямой кишки с современных позиций освещены вопросы этиологии патогенеза и клиники геморроя сведения о причине и механизме развития геморроя на разных стадиях развития заболевания. В доступной форме изложены основные принципы и методы консервативного и оперативного лечения геморроя в том числе с применением малоинвазивных методик с определением показаний противопоказаний предоперационной подготовки оперативной техники и возможных осложнений а также профилактики заболевания. Пособие предназначено для студентов высших учебных заведений обучающихся по основным профессиональным образовательным программам высшего образования - программам специалитета "Лечебное дело" и "Педиатрия" также будет полезно для врачей-интернов ординаторов врачей различных специальностей проктологов в качестве дополнения к учебно-методической литературе и для систематизации современных данных по теме "Геморрой".
521 Примеч. о цел. назн. __
a Примеч. о целев. назн. ВО - Специалитет
650 Тематические рубрики __
a Основная рубрика Медицина. Фармакология
x Основная подрубрика Клиническая медицина в целом
655 Указ. предметных рубрик (устаревшее) __
a Жанр/ форма (устаревшее) Учебное пособие
700 Другие авторы __
a Другие авторы Долгих О.Ю.
q Полное имя Долгих Олег Юрьевич
856 Электронный адрес документа 4_
a Имя сервера/домена znanium.ru
m Помощь ebs_support@infra-m.ru
n Местонахождение сервера НИЦ ИНФРА-М
u URL https://znanium.ru/catalog/document?id=476611
856 Электронный адрес документа 48
a Имя сервера/домена znanium.ru
d Путь /cover/2216
f Электронное имя 2216615.jpg
q Тип электронного формата image/jpeg
u URL https://znanium.ru/cover/2216/2216615.jpg
911 __
u 0030=https://znanium.ru/catalog/document?id=476611